Countries ending in a consonant - Statistics

General Stats
  • This quiz has been taken 55 times
    45 since last reset
  • The average score is 64 of 74
Answer Stats
Answer % Correct
Azerbaijan
100%
Egypt
97%
Japan
97%
Portugal
97%
Belgium
95%
Brazil
95%
Iceland
95%
Jordan
95%
Kazakhstan
95%
Oman
95%
Spain
95%
Afghanistan
92%
Finland
92%
Liechtenstein
92%
Netherlands
92%
Pakistan
92%
Poland
92%
Sweden
92%
Turkmenistan
92%
Uzbekistan
92%
Yemen
92%
Bahrain
89%
Bangladesh
89%
Chad
89%
Denmark
89%
Iran
89%
Iraq
89%
Ireland
89%
Kuwait
89%
Kyrgyzstan
89%
Luxembourg
89%
Sudan
89%
Tajikistan
89%
Thailand
89%
Belarus
86%
Benin
86%
Bhutan
86%
Israel
86%
Nepal
86%
Saint Kitts and Nevis
86%
South Sudan
86%
Switzerland
86%
Vietnam
86%
Barbados
84%
Dominican Republic
84%
Ecuador
84%
Madagascar
84%
New Zealand
84%
Niger
84%
Senegal
84%
United Kingdom
84%
Comoros
81%
Gabon
81%
Marshall Islands
81%
Qatar
81%
Saint Vincent and the Grenadines
81%
Seychelles
81%
Bahamas
78%
El Salvador
78%
Laos
78%
Lebanon
78%
Mauritius
78%
Myanmar
78%
Taiwan
78%
United Arab Emirates
78%
Central African Republic
76%
Cyprus
76%
East Timor
76%
Honduras
76%
Solomon Islands
76%
Czech Republic
73%
Cameroon
70%
Maldives
70%
Philippines
68%
No matching quizzes found
Score Distribution
Percent of People with Each Score
Percentile by Number Answered
Your Score History
You have not taken this quiz since the last reset